000 00596nam a2200193Ia 4500
005 20250508164830.0
008 008 250505s9999 xx 000 0 hin d
037 _aDissertations
040 _aFEDL
_beng
_cFEDL
041 _ahin
_2eng
084 _a375.491 43, RAW/DI
_qFEDL
100 _aRawat Birender Singh
_9779239
245 0 _aPrashno ka gyanmimansiy addhar: Hindi bhasha ki patthyapustako ka addhyan
260 _c2007
300 _a100p.
546 _aM. Phil Dissertation (Delhi University)
942 _cDIS
_h375.491 43, RAW/DI
999 _c1391462
_d1391462